Ultima stagione in Serie A per squadra - Quiz n°2 - Statistics

Statistiche generali
  • Questo quiz è stato fatto 37 volte
  • Il punteggio medio è 8 su 9
Statistiche sulle risposte
Hint Risposta % Corretto
Milan 2023-2024
100%
Udinese 2023-2024
100%
Fiorentina 2023-2024
96%
Atalanta 2023-2024
96%
Frosinone 2023-2024
93%
Catanzaro 1982-1983
89%
Treviso 2005-2006
63%
Novara 2011-2012
63%
Siena 2012-2013
59%
Nessun quiz corrispondente trovato
Distribuzione punteggi
Percentuale di utenti per punteggio
Percentile per numero di risposta
I tuoi punteggi nel tempo
Non hai fatto questo quiz